Lajwanti and other stories/ (Record no. 153766)

MARC details
000 -LEADER
fixed length control field 00568nam a22002057a 4500
005 - DATE AND TIME OF LATEST TRANSACTION
control field 20190104174958.0
010 ## - LCCN (DPL NO)
LC control number B-110214
020 ## - INTERNATIONAL STANDARD BOOK NUMBER
International Standard Book Number 8179920208
Terms of availability 85.00
020 ## - INTERNATIONAL STANDARD BOOK NUMBER
International Standard Book Number 9788179920206
Terms of availability 85.00
035 ## - SYSTEM CONTROL NUMBER
System control number B-110193 B-110216, B-110214
082 ## - DEWEY DECIMAL CLASSIFICATION NUMBER
Classification number S
100 ## - MAIN ENTRY--PERSONAL NAME
Personal name Mulk Raj Anand
245 ## - TITLE STATEMENT
Title Lajwanti and other stories/
Statement of responsibility, etc by Mulk Raj Anand
250 ## - EDITION STATEMENT
Edition statement 2002
260 ## - PUBLICATION, DISTRIBUTION, ETC. (IMPRINT)
Place of publication, distribution, etc Mumbai
Name of publisher, distributor, etc Jaico Publishing House
270 ## - ADDRESS
Address 121, M.G. Road
City Mumbai
Postal code 400023
300 ## - PHYSICAL DESCRIPTION
Extent 100p.;
Other physical details 18 cm (pbk)
942 ## - ADDED ENTRY ELEMENTS (KOHA)
Source of classification or shelving scheme Dewey Decimal Classification
Item type English Books
Classification part S
Call number suffix ANA
Holdings
Withdrawn status Lost status Not for loan Collection code Home library Current library Date acquired Source of acquisition Cost, normal purchase price Full call number Barcode Cost, replacement price Koha item type Copy number
      Fiction Patel Nagar Patel Nagar 10/07/2018 BPPD/Pub 85.00 S ANA B-110193 85.00 English Books  
      Fiction R.C.Libraries (zls) R.C.Libraries (zls) 17/11/2018   85.00 S ANA B-110216 85.00 English Books  
      Fiction R.C.Libraries (zls) R.C.Libraries (zls) 04/01/2019   85.00 S ANA B-110214 85.00 English Books 1.
      Fiction Sarojini Nagar Sarojini Nagar 22/01/2019     S ANA B-110210   English Books  

© Delhi Public Library
Hit Counter
free hit counter